Dominant currency paradigm (Record no. 514200)

000 -LEADER
fixed length control field 01694nam a22001577a 4500
008 - FIXED-LENGTH DATA ELEMENTS--GENERAL INFORMATION
fixed length control field 201014b ||||| |||| 00| 0 eng d
100 ## - MAIN ENTRY--PERSONAL NAME
Personal name Gopinath, Gita et al
245 ## - TITLE STATEMENT
Title Dominant currency paradigm
260 ## - PUBLICATION, DISTRIBUTION, ETC. (IMPRINT)
Place of publication, distribution, etc The American Economic Review
300 ## - PHYSICAL DESCRIPTION
Extent 110(3), Mar, 2020: p.677-719
520 ## - SUMMARY, ETC.
Summary, etc We propose a "dominant currency paradigm" with three key features: dominant currency pricing, pricing complementarities, and imported inputs in production. We test this paradigm using a new dataset of bilateral price and volume indices for more than 2,500 country pairs that covers 91 percent of world trade, as well as detailed firm-product-country data for Colombian exports and imports. In strong support of the paradigm we find that (i) non commodities terms-of-trade are uncorrelated with exchange rates; (ii) the dollar exchange rate quantitatively dominates the bilateral exchange rate in price pass-through and trade elasticity regressions, and this effect is increasing in the share of imports invoiced in dollars; (iii) US import volumes are significantly less sensitive to bilateral exchange rates, compared to other countries' imports; (iv) a 1 percent US dollar appreciation against all other currencies predicts a 0.6 percent decline within a year in the volume of total trade between countries in the rest of the world, controlling for the global business cycle. We characterize the transmission of, and spillovers from, monetary policy shocks in this environment. – Reproduced
650 ## - SUBJECT ADDED ENTRY--TOPICAL TERM
Topical term or geographic name as entry element Empirical studies of trade, Foreign exchange, International business cycles
9 (RLIN) 18603
773 ## - HOST ITEM ENTRY
Main entry heading The American Economic Review
906 ## - LOCAL DATA ELEMENT F, LDF (RLIN)
Subject DIP MONETARY POLICY
942 ## - ADDED ENTRY ELEMENTS (KOHA)
Item type Articles
Holdings
Withdrawn status Lost status Source of classification or shelving scheme Damaged status Not for loan Permanent location Current location Date acquired Serial Enumeration / chronology Barcode Date last seen Koha item type
          Indian Institute of Public Administration Indian Institute of Public Administration 2020-10-14 110(3), Mar, 2020: p.677-719 AR123246 2020-10-14 Articles

Powered by Koha